| 000 | 005350000a22001690004500 | ||
|---|---|---|---|
| 003 | MACL | ||
| 005 | 20160219163637.0 | ||
| 008 | 160219b xxu||||| |||| 00| 0 eng d | ||
| 040 |
_aMACL _cMACL |
||
| 041 | _aHindi | ||
| 082 | _a301/TOL | ||
| 100 |
_aटॉल्सटॉय लियो _938023 |
||
| 245 | _aस्त्री और पूरूष | ||
| 260 |
_bसस्ता साहित्य मण्डल _c1986 _aनई दिल्ली |
||
| 650 |
_aSociology _939144 |
||
| 942 |
_cHIN _k301 _2ddc |
||
| 999 |
_c28674 _d28674 |
||